| 000 | 02128nam a2200565 i 4500 | ||
|---|---|---|---|
| 001 | 11576 | ||
| 003 | KOSZ 005 | ||
| 005 | 20240405063007.0 | ||
| 008 | 071001s1968 pl |000 0 pol | ||
| 015 | _aUWD 1969/4612 | ||
| 035 | _a991036948369705066 | ||
| 035 | _a(PL-WaBN)b19915925-48omnis_nlop | ||
| 035 | _ab19915925 | ||
| 035 | _a(OCoLC)838960923 | ||
| 035 | _azz2004924927 | ||
| 035 | _a(PL)b0000001991592 | ||
| 035 | _a(EXLNZ-48OMNIS_NETWORK)9910493786805606 | ||
| 040 |
_aWA N _cWA N _dKOSZ 005/HR |
||
| 041 | 0 |
_apol _bger |
|
| 046 | _k1968 | ||
| 080 | _a351.7(438) | ||
| 100 | 1 |
_aPaczuski, Ryszard _d(1929- ) _eAutor |
|
| 245 | 1 | 0 |
_aDysponowanie zasobami wód w PRL : _bzagadnienia administracyjno-prawne / _cRyszard Paczuski ; Poznańskie Towarzystwo Przyjaciół Nauk. Wydział Historii i Nauk Społecznych. |
| 246 | 3 | _aDysponowanie zasobami wód w Polskiej Rzeczpospolitej Ludowej | |
| 260 |
_aPoznań : _bPaństwowe Wydawnictwo Naukowe, _c1968. |
||
| 300 |
_aS. [4], 171-345 ; _c23 cm. |
||
| 336 |
_aTekst _btxt _2rdacontent |
||
| 337 |
_aBez urządzenia pośredniczącego _bn _2rdamedia |
||
| 338 |
_aWolumin _bnc _2rdacarrier |
||
| 380 | _aKsiążki | ||
| 388 | _a1901-2000 | ||
| 388 | _a1945-1989 | ||
| 490 | 1 |
_aPrace Komisji Nauk Społecznych / Poznańskie Towarzystwo Przyjaciół Nauk ; _vt. 14 z. 2 |
|
| 504 | _aBibliogr. | ||
| 536 | _aPraca wydana z zasiłku Polskiej Akademii Nauk | ||
| 546 | _aStreszcz. niem. | ||
| 648 | _a1901-2000 | ||
| 648 | _a1945-1989 | ||
| 650 | 7 |
_aGospodarka wodna _2DBN |
|
| 650 | 7 | _aPrawo wodne | |
| 650 | 7 | _aPRL | |
| 651 | _aPolska | ||
| 658 | _aOchrona środowiska | ||
| 658 | _aPrawo i wymiar sprawiedliwości | ||
| 710 |
_aPaństwowe Wydawnictwo Naukowe _4pbl |
||
| 830 | 0 |
_aPrace Komisji Nauk Społecznych - Poznańskie Towarzystwo Przyjaciół Nauk. Wydział Historii i Nauk Społecznych _vt. 14 z. 2 |
|
| 856 |
_uhttp://koha.tu.koszalin.pl/cgi-bin/koha/opac-detail.pl?biblionumber=11576 _yKatalog online BPK |
||
| 942 |
_2UKD _cKS |
||
| 999 |
_c11576 _d11576 |
||